000 00403nam a22001577a 4500
003 SGT
020 _a9788178710334
082 _a553.7, YAD
100 _aYADAV SATISH
245 _aWATER PROBLEM AND ITS MANAGEMENT
260 _aNEW DELHI
_bHOPE INDIA
_c2003
300 _a148
650 _aWATER
653 _aINTRODUCTION, THE PROBLEM, THE SOLUTIONS, WATER AS A HUMAN RIGHT
942 _2ddc
_cFCM
999 _c9140
_d9140